| 000 | 00799cam a22002653a 4500 | ||
|---|---|---|---|
| 001 | 17495 | ||
| 003 | PGUSA | ||
| 005 | 20140828083355.0 | ||
| 008 | 060111s2006||||xxu|||||s|||||000 1 eng d | ||
| 040 |
_aPGUSA _beng |
||
| 042 | _adc | ||
| 050 | 4 | _aPS | |
| 100 | 1 |
_aBellinger, Martha Idell Fletcher, _d1870-1960 |
|
| 245 | 1 | 4 |
_aThe Stolen Singer _h[electronic resource] / _cMartha Idell Fletcher Bellinger |
| 260 |
_bProject Gutenberg, _c2006 |
||
| 506 | _aPublic domain in the USA. | ||
| 516 | _aElectronic text | ||
| 653 | _aKidnapping -- Fiction | ||
| 653 | _aInheritance and succession -- Fiction | ||
| 653 | _aSingers -- Fiction | ||
| 700 | 1 |
_aBrown, Arthur William, _d1881-1966 |
|
| 830 | 0 |
_aProject Gutenberg _v17495 |
|
| 856 | 4 | 0 | _uhttp://www.gutenberg.org/ebooks/17495 |
| 942 | _cEB | ||
| 999 |
_c246750 _d246750 |
||